000 00711nam a2200229 i 4500
001 75153
003 ES-MaACL
005 20230906172343.0
007 t|
008 040922s1955 sp ||||1| spa d
080 _a821.134.2(85)-31"19"
100 1 _aGraham, Kenneth.
_959521
245 1 0 _aDon Quijote en Yanquilandia /
_cKenneth Graham ; [traducción e ilustraciones, Ignacio Rived].
250 _a1ª ed.
260 _aMadrid :
_bEnsayos,
_c1955 (
_fFareso)
300 _a224 p. :
_bil. ;
_c20 cm.
650 4 _aDon Quijote (Personaje de ficción)-
_vNovelas.
_9158737
700 1 _aRived, Ignacio.
_997600
852 _aES-MaACL
_jC-10586
852 _aES-MaACL
_jC-11027
852 _aES-MaACL
_jC-22588
999 _c75153
_d75153